[Event "Box Hill Open"]
[Site "Box Hill"]
[Date "2002.09.20"]
[Round "2.11"]
[White "O'Connor, Grayson"]
[Black "Sharman, Scot A"]
[Result "0-1"]
[WhiteElo "1497"]
[BlackElo "1717"]
[Annotator "hl"]
[PlyCount "60"]
[EventDate "2002.09.13"]

1. Nf3 d5 2. d4 Nf6 3. c4 c6 4. Nc3 dxc4 5. e4 b5 6. a4 b4 7. e5 bxc3 8. exf6
Qa5 9. bxc3 gxf6 10. Qc2 Be6 11. Bf4 Nd7 12. Nd2 Nb6 13. Bc7 Bf5 14. Bxb6 axb6
15. Qb2 b5 16. Be2 Bh6 17. O-O O-O 18. axb5 Qxb5 19. Nxc4 Qxb2 20. Nxb2 Bd2 21.
c4 Rxa1 22. Rxa1 Bc3 23. Ra2 Rb8 24. Nd1 Bxd4 25. Bf3 c5 26. g4 Bd3 27. Ne3
Bxe3 28. fxe3 Rb1+ 29. Kf2 Rc1 30. Be2 Bxc4 0-1

[Event "Box Hill Open"]
[Site "Box Hill"]
[Date "2002.09.20"]
[Round "2.12"]
[White "Nemeth, Janos"]
[Black "Turner, Adrian E"]
[Result "1-0"]
[WhiteElo "1932"]
[BlackElo "1562"]
[Annotator "gb"]
[PlyCount "97"]
[EventDate "2002.09.13"]

1. e4 e5 2. f4 Nf6 3. fxe5 Nxe4 4. Nf3 Ng5 5. Be2 Nxf3+ 6. Bxf3 Qh4+ 7. g3 Qd4
8. Qe2 Nc6 9. Kd1 Be7 10. Re1 O-O 11. c3 Qa4+ 12. b3 Qa5 13. d4 d6 14. Bf4 dxe5
15. Bxe5 Nxe5 16. Qxe5 Qxe5 17. Rxe5 Bf6 18. Re1 c6 19. Nd2 Bf5 20. Be4 Bg4+
21. Kc2 Rfe8 22. Bf3 Bf5+ 23. Be4 Be6 24. Bd3 Rad8 25. Ne4 Be7 26. Re3 f5 27.
Nd2 Bd7 28. Bc4+ Kf8 29. Nf3 Bf6 30. Ne5 Bxe5 31. dxe5 Be6 32. Bxe6 Rxe6 33.
Rf1 g6 34. g4 f4 35. Rxf4+ Kg7 36. Rd4 Rde8 37. Rd7+ R8e7 38. Rxe7+ Rxe7 39.
Kd3 Kf7 40. Ke4 Re6 41. g5 Ke7 42. Rf3 Ke8 43. Rf6 Ke7 44. Rxe6+ Kxe6 45. c4 a5
46. a3 Ke7 47. b4 axb4 48. axb4 Ke6 49. b5 1-0

[Event "Box Hill Open"]
[Site "Box Hill"]
[Date "2002.09.20"]
[Round "2.13"]
[White "Simpson, Bruce"]
[Black "Stojic, Dusan"]
[Result "0-1"]
[WhiteElo "1393"]
[BlackElo "1638"]
[Annotator "hl"]
[PlyCount "112"]
[EventDate "2002.09.13"]

1. c4 Nf6 2. Nc3 c5 3. Nf3 e6 4. g3 Be7 5. Bg2 Nc6 6. O-O O-O 7. e3 Rb8 8. a3
b6 9. d4 cxd4 10. exd4 d5 11. cxd5 Nxd5 12. Re1 Bb7 13. Nxd5 exd5 14. Bf4 Rc8
15. Bh3 Ra8 16. Qd2 Bf6 17. b4 Bc8 18. Bxc8 Rxc8 19. Rac1 Qd7 20. Kg2 a6 21.
Be5 Nxe5 22. dxe5 Be7 23. Qd4 Qb5 24. Red1 Rc4 25. Rxc4 dxc4 26. Qc3 Qc6 27.
Kg1 b5 28. Ne1 Qc7 29. Ng2 Rd8 30. Rxd8+ Qxd8 31. Ne3 Qd7 32. f4 Bd8 33. Kf2
Bb6 34. Ke2 Qd4 35. Qxd4 Bxd4 36. Nc2 Bb6 37. Kf3 Kf8 38. Ke4 Ke7 39. Kd5 Bg1
40. h3 Bh2 41. Kc6 Bxg3 42. Kb6 Bxf4 43. Kxa6 Bxe5 44. Kxb5 c3 45. a4 f5 46.
Kc4 g5 47. a5 Kd7 48. a6 Kc7 49. b5 g4 50. hxg4 fxg4 51. a7 Kb7 52. b6 g3 53.
Ne1 c2 54. Nxc2 g2 55. Kd5 g1=Q 56. Kxe5 Qc5+ 0-1

[Event "Box Hill Open"]
[Site "Box Hill"]
[Date "2002.09.20"]
[Round "2.14"]
[White "De Gier, Jan"]
[Black "Nemeth, Laszlo"]
[Result "1-0"]
[WhiteElo "2001"]
[BlackElo "1547"]
[Annotator "hl"]
[PlyCount "79"]
[EventDate "2002.09.13"]

1. e4 g6 2. d4 Bg7 3. Nc3 d6 4. Bc4 Nf6 5. Bg5 O-O 6. f3 Nc6 7. Qd2 a6 8. Nge2
e5 9. dxe5 Nxe5 10. Bb3 Be6 11. Nd5 c6 12. Nxf6+ Bxf6 13. Bxf6 Qxf6 14. Qxd6
Rfd8 15. Qb4 Rd7 16. Bxe6 fxe6 17. Rd1 Rad8 18. Rxd7 Rxd7 19. Qc3 Qg5 20. O-O
Nf7 21. f4 Qb5 22. Ng3 Qb6+ 23. Kh1 Qd8 24. h3 Rd1 25. Rxd1 Qxd1+ 26. Kh2 Qd6
27. Qf6 e5 28. Qxd6 Nxd6 29. fxe5 Nc4 30. b3 Nxe5 31. Ne2 Kf7 32. Kg3 Kf6 33.
Nf4 g5 34. Nd3 Nxd3 35. cxd3 h5 36. h4 c5 37. hxg5+ Kxg5 38. Kf3 h4 39. Ke3 Kg4
40. d4 1-0

[Event "Box Hill Open"]
[Site "Box Hill"]
[Date "2002.09.20"]
[Round "2.15"]
[White "Frost, Peter"]
[Black "Elliott, Alan"]
[Result "0-1"]
[WhiteElo "1754"]
[BlackElo "1540"]
[Annotator "hl"]
[PlyCount "61"]
[EventDate "2002.09.13"]

1. d4 d5 2. c4 c6 3. Nf3 Nf6 4. Nc3 e6 5. Bg5 Nbd7 6. e3 Be7 7. Bd3 h6 8. Bxf6
Nxf6 9. g4 dxc4 10. Bxc4 O-O 11. Ne5 Nd5 12. Qf3 Qa5 13. O-O Nxc3 14. bxc3 Bf6
15. Qg3 Bxe5 16. dxe5 b6 17. f4 Ba6 18. Bxa6 Qxa6 19. f5 Rad8 20. g5 hxg5 21.
Qxg5 exf5 22. Qxf5 Qd3 23. Qf3 Qxc3 24. Rac1 Qxe5 25. Rxc6 Rd2 26. Rf2 Qa1+ 27.
Kg2 Qxa2 28. Rxd2 Qxd2+ 29. Kg3 Re8 30. e4 Qe1+ 31. Kg4 0-1

[Event "Box Hill Open"]
[Site "Box Hill"]
[Date "2002.09.20"]
[Round "2.16"]
[White "Stojic, Svetozar"]
[Black "Bourmistrov, Alex"]
[Result "1-0"]
[WhiteElo "1714"]
[BlackElo "1507"]
[Annotator "mg"]
[PlyCount "43"]
[EventDate "2002.09.13"]

1. e4 c5 2. Nf3 Nc6 3. d4 cxd4 4. Nxd4 g6 5. Nc3 Bg7 6. Be3 Nf6 7. Bc4 O-O 8.
Bb3 d6 9. f3 Na5 10. Qd2 Nxb3 11. axb3 a6 12. Bh6 Bd7 13. O-O-O b5 14. Nd5 Nxd5
15. exd5 Rc8 16. h4 Qb6 17. Bxg7 Kxg7 18. h5 Rh8 19. hxg6 hxg6 20. Qe3 Qd8 21.
Rxh8 Qxh8 22. Qxe7 1-0

[Event "Box Hill Open"]
[Site "Box Hill"]
[Date "2002.09.20"]
[Round "2.18"]
[White "Chmiel, Rad"]
[Black "Spiric, Bob"]
[Result "0-1"]
[WhiteElo "1654"]
[BlackElo "1464"]
[Annotator "gb, Michael Gluzman"]
[PlyCount "134"]
[EventDate "2002.09.13"]

{Can a computer play like a human?  It is a very interesting question.  They
are certainly very good helpers.  I use "fritz" (chess playing program) to
analyse the games.  While analysing this game I found that my evaluation of
the game is completely different from Fritz's.    Another very interesting
point of this game is that it illustrates that a bishop is not always the same
value as a knight.} 1. d4 c6 2. c4 Nf6 3. Nf3 d6 4. g3 g6 5. Bg2 Bg7 6. Nc3 O-O
7. O-O Na6 8. e4 Bg4 9. Qb3 (9. h3 {Book recommends h3 with white trying to
get some more space. The game Michel Saucey (2319)- Antonio Antunes (2496)
played in 2000 followed} 9... Bxf3 10. Bxf3 Nc7 11. Be3 Nd7 12. Bg2 e5 13. f4
f6 14. dxe5 dxe5 15. f5 g5 16. b4 Rf7 17. Qb3 Kh8 18. Rfd1 Qe8 19. Bf3 Re7 20.
Rd2 Nf8 21. Rad1 Rd7 22. Rxd7 {White won on move 43}) 9... Bxf3 10. Bxf3 Rb8
11. Be3 Nd7 12. Qa3 Qb6 13. e5 $1 {An interesting move.  White has two bishops
so they are trying to open up the position.  e5 looks a little bit risky as
the pawn on e5 could be weak.} 13... Qb4 $5 (13... dxe5 {
Trying to play against the weak e5 pawn.} 14. dxe5 c5 (14... Qb4) 15. Nd5 Qe6
16. Bf4 Nxe5 17. Rfe1 {White has compensation for the pawn.}) 14. exd6 Qxa3 15.
bxa3 exd6 16. Ne4 c5 $1 {The computer prefers d5.  I think the move played in
the game is better because it forces swapping black - squared bishops off the
board.  After that black will have two knights versus knight and a bad white
bishop.  Even if black loses the d6 pawn the pawn structure (double pawns a2
and a3 and  c5 square for a black knight) should give black a small advantage.
Unless white has some concrete moves black will be better.  Do you think a can
computer understand this?} 17. Rad1 cxd4 18. Bxd4 Bxd4 19. Rxd4 Ne5 20. Be2
Rfd8 21. f4 Nc6 22. Rxd6 Rxd6 23. Nxd6 Nd4 24. Bd1 Nc5 25. Re1 $6 (25. Nb5 $1 {
Trying to improve the pawn structure.}) 25... Rd8 26. Re5 b6 27. Rd5 Nc6 28.
Nb5 Re8 29. Rd6 Na5 30. Bb3 Re7 31. Nd4 f5 $1 {Stoping white playing f5 and
insuring that black will have a good square for their knight.} 32. Kf1 Ne4 33.
Rd8+ Kg7 34. Nf3 Rc7 35. Ne5 Nc5 36. Bc2 Nc6 37. Rd6 Nxe5 $1 {Now the weak
pawn on e5 and superiority of black's knight over the bishop gives black a
winning edge.} 38. fxe5 Kf7 39. Bb3 Re7 40. Rd5 Ke6 41. a4 Rd7 42. Rxd7 Kxd7
43. Ke2 Ke6 44. Ke3 Kxe5 45. Bd1 g5 46. Bc2 a5 47. h4 h6 48. h5 Ne6 49. Bd1 g4
50. Kd3 Ng7 51. c5 bxc5 52. Kc4 Nxh5 53. Kb5 Kd6 54. Kxa5 Kc6 55. Ka6 Nxg3 56.
a5 h5 57. Ba4+ Kc7 58. Ka7 h4 59. Bb5 h3 60. Bc4 h2 61. Bd5 c4 62. a6 c3 63. a4
Ne4 64. a5 h1=Q 65. Bxe4 fxe4 66. Ka8 Qh8+ 67. Ka7 Qb8# 0-1

[Event "Box Hill Open"]
[Site "Box Hill"]
[Date "2002.09.20"]
[Round "2.20"]
[White "Burak, Mehmed"]
[Black "Carey, Peter"]
[Result "1-0"]
[WhiteElo "1577"]
[BlackElo "1377"]
[Annotator "hl"]
[PlyCount "31"]
[EventDate "2002.09.13"]

1. d4 d5 2. c4 e6 3. e3 c6 4. Nc3 Nf6 5. Nf3 Be7 6. Bd3 dxc4 7. Bxc4 c5 8. O-O
O-O 9. Re1 cxd4 10. exd4 b6 11. d5 Bb4 12. dxe6 Qxd1 13. exf7+ Kh8 14. Rxd1
Bxc3 15. bxc3 Nc6 16. Ba3 1-0

[Event "Box Hill Open"]
[Site "Box Hill"]
[Date "2002.09.20"]
[Round "2.21"]
[White "Chong, Trevor"]
[Black "Bekker, Gary D"]
[Result "1-0"]
[WhiteElo "1357"]
[BlackElo "1576"]
[Annotator "gb"]
[PlyCount "31"]
[EventDate "2002.09.13"]

1. c4 Nf6 2. Nc3 e6 3. Nf3 d5 4. cxd5 exd5 5. d4 Be7 6. Bg5 O-O 7. e3 Bf5 8.
Qb3 Nc6 9. Bxf6 Bxf6 10. Nxd5 Rb8 11. Bd3 Bxd3 12. Nxf6+ Qxf6 13. Qxd3 Rfe8 14.
O-O Rbd8 15. Qb5 b6 16. Rac1 1-0

[Event "Box Hill Open"]
[Site "Box Hill"]
[Date "2002.09.20"]
[Round "2.22"]
[White "Miller, Anthony"]
[Black "Foster, John"]
[Result "1-0"]
[WhiteElo "1570"]
[BlackElo "1356"]
[Annotator "gb"]
[PlyCount "47"]
[EventDate "2002.09.13"]

1. d4 e6 2. Nf3 Nf6 3. Bg5 h6 4. Bh4 Be7 5. Nbd2 Nc6 6. e3 O-O 7. c4 b6 8. Be2
Bb7 9. a3 Nh7 10. Bg3 Ng5 11. b4 a5 12. b5 Na7 13. O-O c5 14. Nxg5 Bxg5 15.
dxc5 bxc5 16. Nb3 Be7 17. Bd6 Nc8 18. Bxc5 Bxc5 19. Nxc5 Bxg2 20. Kxg2 Qg5+ 21.
Kh1 Qxc5 22. Rg1 Nb6 23. Qd4 Rac8 24. Qxg7# 1-0

[Event "Box Hill Open"]
[Site "Box Hill"]
[Date "2002.09.20"]
[Round "2.23"]
[White "Goudy, Arthur"]
[Black "Parker, Derek"]
[Result "1-0"]
[WhiteElo "1331"]
[BlackElo "1552"]
[Annotator "gb"]
[PlyCount "61"]
[EventDate "2002.09.13"]

1. e4 e6 2. d4 d5 3. exd5 exd5 4. c4 Be6 5. cxd5 Bxd5 6. Nc3 Nf6 7. Nxd5 Qxd5
8. Nf3 Nc6 9. a3 Be7 10. Be2 Rd8 11. Be3 O-O 12. O-O Ne4 13. Rc1 Bf6 14. Bc4
Qd6 15. Qd3 Rfe8 16. Rfd1 a6 17. b4 b5 18. Bb3 g5 19. d5 Nb8 20. Nd4 Be5 21.
Nf3 g4 22. Nxe5 Qxe5 23. Bd4 Qd6 24. Re1 Ng5 25. Qf5 Qh6 26. Bf6 g3 27. Qxg5+
Qxg5 28. Bxg5 gxf2+ 29. Kxf2 Rxe1 30. Rxe1 Rd6 31. Re8+ 1-0

[Event "Box Hill Open"]
[Site "Box Hill"]
[Date "2002.09.20"]
[Round "2.24"]
[White "Endo, Kohei"]
[Black "Fielder, Shaun"]
[Result "1-0"]
[WhiteElo "1326"]
[BlackElo "1162"]
[Annotator "gb"]
[PlyCount "57"]
[EventDate "2002.09.13"]

1. e4 e6 2. d4 d5 3. Nd2 Nf6 4. e5 Nfd7 5. Ngf3 c5 6. c3 Nc6 7. Bd3 cxd4 8.
cxd4 Bb4 9. O-O Qb6 10. Nb3 f6 11. Kh1 O-O 12. a3 Be7 13. Be3 fxe5 14. Rc1 e4
15. Bxe4 Nf6 16. Bb1 Ng4 17. Qd3 Rf5 18. Qd1 Rg5 19. Kg1 Nxe3 20. fxe3 Bd7 21.
Ne5 Rxe5 22. dxe5 Qxe3+ 23. Kh1 Nxe5 24. Rc3 Qh6 25. Rh3 Qg5 26. Bxh7+ Kh8 27.
Be4+ Kg8 28. Bxd5 exd5 29. Qxd5+ 1-0

[Event "Box Hill Open"]
[Site "Box Hill"]
[Date "2002.09.20"]
[Round "2.25"]
[White "Schlossberg, Jonathan"]
[Black "Nincevic, Anton"]
[Result "1/2-1/2"]
[WhiteElo "1085"]
[BlackElo "1281"]
[Annotator "gb"]
[PlyCount "97"]
[EventDate "2002.09.13"]

1. d4 d5 2. Nf3 Nf6 3. e3 Nc6 4. Bd3 e6 5. Nbd2 Bd6 6. b3 a6 7. Bb2 b5 8. a3
Bb7 9. O-O O-O 10. Ne5 Nd7 11. f4 f6 12. Qh5 f5 13. Qe2 Nf6 14. Ndf3 h6 15. Ng6
Re8 16. Nfe5 Nd7 17. Qh5 Nf6 18. Qf3 Ne7 19. Qg3 Nxg6 20. Qxg6 Re7 21. Rf3 Qe8
22. Rg3 Qxg6 23. Nxg6 Rf7 24. Ne5 Re7 25. Rf1 Kh7 26. Ng6 Rf7 27. Ne5 Rff8 28.
Ng6 Rg8 29. Ne5 Rad8 30. Nf7 Rd7 31. Nxd6 Rxd6 32. h3 Rd7 33. Rgf3 g6 34. R3f2
Ne4 35. Bxe4 dxe4 36. c4 Bc6 37. Ba1 Rb8 38. Rb2 Rdd8 39. Rc1 Rb7 40. Rbb1 Rdb8
41. cxb5 Bxb5 42. Rc5 Bd7 43. b4 c6 44. Rbc1 Rb5 45. Kf2 g5 46. g3 Kg6 47. Rxb5
axb5 48. Rc5 Ra8 49. Bb2 1/2-1/2

[Event "Box Hill Open"]
[Site "Box Hill"]
[Date "2002.09.20"]
[Round "2.26"]
[White "Wallis, Christopher"]
[Black "Elbrish, Sam"]
[Result "0-1"]
[WhiteElo "1074"]
[BlackElo "1259"]
[Annotator "gb"]
[PlyCount "66"]
[EventDate "2002.09.13"]

1. Nf3 Nc6 2. d4 d5 3. e3 a6 4. c4 Nf6 5. Nc3 Bg4 6. Qb3 e6 7. cxd5 exd5 8. Ne5
Be6 9. Nxc6 bxc6 10. Qa4 Bd7 11. Qc2 Bd6 12. Bd3 O-O 13. Bd2 Re8 14. Rc1 g6 15.
h3 Nh5 16. Ne2 Qg5 17. g4 Ng7 18. e4 Qh4 19. e5 Bf8 20. Bf4 Bxg4 21. Bg5 Qxg5
22. hxg4 Qxg4 23. Rg1 Bb4+ 24. Kd1 Qf3 25. a3 Ba5 26. b4 Bb6 27. Kd2 Qxf2 28.
Rgf1 Qh4 29. Rf4 Qh6 30. Rcf1 Ne6 31. Qxc6 Nxf4 32. Rxf4 Bxd4 33. Qxd5 Bxe5 0-1

[Event "Box Hill Open"]
[Site "Box Hill"]
[Date "2002.09.20"]
[Round "2.30"]
[White "Vijayakumar, Rukman"]
[Black "Benjamin, Frank"]
[Result "1-0"]
[WhiteElo "1252"]
[BlackElo "1139"]
[Annotator "mg"]
[PlyCount "49"]
[EventDate "2002.09.13"]

1. e4 e5 2. Nf3 Nc6 3. Bc4 Nf6 4. d4 exd4 5. O-O Bc5 6. c3 O-O 7. cxd4 Be7 8.
e5 Ne8 9. Nc3 a6 10. Re1 b5 11. Bb3 Bb7 12. Bf4 Na5 13. Bc2 c6 14. Qd3 g6 15.
Nd2 f6 16. Re3 fxe5 17. Bxe5 d6 18. Rh3 dxe5 19. Rxh7 Rf6 20. Qh3 Qxd4 21. Nde4
Rf4 22. Rxe7 Nf6 23. Nxf6+ Rxf6 24. Qh7+ Kf8 25. Qg7# 1-0

[Event "Box Hill Open"]
[Site "Box Hill"]
[Date "2002.09.20"]
[Round "2.31"]
[White "Sellayah, Renishka"]
[Black "Carey, Jamie"]
[Result "0-1"]
[WhiteElo "1226"]
[BlackElo "1026"]
[Annotator "mg"]
[PlyCount "116"]
[EventDate "2002.09.13"]

1. d4 d5 2. Nf3 e6 3. Bf4 Nc6 4. e3 Nf6 5. c3 Bd6 6. Bg3 Bxg3 7. hxg3 b6 8. Bd3
Bb7 9. Nbd2 Qd7 10. Qc2 O-O-O 11. O-O-O h6 12. e4 Rhe8 13. Ne5 Nxe5 14. dxe5
Ng4 15. Nf3 f6 16. exf6 Nxf6 17. Ne5 Qe7 18. Bb5 Rg8 19. Nc6 Bxc6 20. Bxc6 Nxe4
21. Rhe1 Qg5+ 22. Kb1 Rgf8 23. Qe2 Rd6 24. Bb5 Rxf2 25. Qd3 Qxg3 26. Qxg3 Nxg3
27. Rg1 c6 28. Bd3 Ne2 29. Bxe2 Rxe2 30. Rdf1 Rd7 31. g4 Kd8 32. Rf8+ Ke7 33.
Rgf1 Kd6 34. R8f7 Rxf7 35. Rxf7 g5 36. Rxa7 Rg2 37. Rh7 Rh2 38. Rf7 Rh4 39. Rh7
c5 40. Kc2 d4 41. cxd4 cxd4 42. Kd3 e5 43. b3 b5 44. b4 Kd5 45. Rd7+ Ke6 46.
Rb7 Rxg4 47. Rb6+ Kd7 48. Rxb5 h5 49. Rxe5 h4 50. Re4 Rg3+ 51. Kxd4 h3 52. Re2
Rg4+ 53. Kc5 Rg2 54. Re1 h2 55. Rd1+ Kc7 56. Rh1 g4 57. a4 Rg3 58. b5 Rg1 0-1

[Event "Box Hill Open"]
[Site "Box Hill"]
[Date "2002.09.20"]
[Round "2.32"]
[White "Gombik, Louis"]
[Black "Yap, Jonathan"]
[Result "1/2-1/2"]
[WhiteElo "1224"]
[BlackElo "984"]
[Annotator "jp"]
[PlyCount "113"]
[EventDate "2002.09.13"]

1. e4 e5 2. Nf3 Nf6 3. Nc3 Bc5 4. d4 exd4 5. Nxd4 Bxd4 6. Qxd4 Nc6 7. Qd1 d6 8.
Bg5 Be6 9. Bb5 h6 10. Bh4 g5 11. Bg3 Qd7 12. e5 dxe5 13. Bxe5 Qxd1+ 14. Rxd1
Ke7 15. O-O Nxe5 16. Rfe1 Nc6 17. a3 Rad8 18. Bd3 Kf8 19. f3 Ne7 20. Nb5 Bf5
21. Nxc7 Bxd3 22. cxd3 Rd7 23. Nb5 g4 24. f4 a6 25. Nc3 Nf5 26. Re5 Nh4 27. d4
Rg8 28. Ne2 Re7 29. Ng3 Rxe5 30. dxe5 Ne8 31. Rd7 Ng6 32. Nf5 Nxf4 33. Nxh6 Rg7
34. g3 Ng6 35. Nf5 Nxe5 36. Nxg7 Nxd7 37. Nf5 Ng7 38. Nd6 Nc5 39. b4 Nd3 40.
Nxb7 Ne6 41. Kf1 Nd4 42. Nd6 Nc2 43. b5 axb5 44. Nxb5 f5 45. a4 Ncb4 46. Nd4
Kf7 47. Nxf5 Kf6 48. Ne3 Kg5 49. a5 Ne5 50. Kf2 Nf3 51. h3 Nd3+ 52. Ke2 Nc1+
53. Kf2 Nd3+ 54. Ke2 Nc1+ 55. Kf2 Nd3+ 56. Ke2 Nc1+ 57. Kf2 1/2-1/2

[Event "Box Hill Open"]
[Site "Box Hill"]
[Date "2002.09.20"]
[Round "2.33"]
[White "Thakur, Udit"]
[Black "Muthusamy, Reubban"]
[Result "0-1"]
[WhiteElo "820"]
[BlackElo "1179"]
[Annotator "jp"]
[PlyCount "72"]
[EventDate "2002.09.13"]

1. d4 d5 2. Bf4 Nc6 3. e3 e6 4. Nf3 Nf6 5. Bb5 Bd7 6. Nc3 Bb4 7. Bg5 O-O 8. O-O
h6 9. Bxf6 Qxf6 10. a3 Bxc3 11. bxc3 Rfe8 12. Ne5 Nxe5 13. dxe5 Qxe5 14. Bxd7
Red8 15. Bb5 Qxc3 16. Qd3 Qc5 17. Qb3 Rd6 18. Be2 Rb6 19. Qd3 Rc6 20. Rfc1 Qa5
21. Qd4 Rb6 22. Qf4 c5 23. c4 dxc4 24. Qxc4 Rb2 25. Bd3 Qd2 26. Rf1 Rd8 27.
Rad1 Qa5 28. Qc1 Rb3 29. Be4 Rb8 30. Rd3 Rxd3 31. Bxd3 Rc8 32. Bc4 b5 33. Bd3
c4 34. Rd1 Rd8 35. Bc2 Rxd1+ 36. Bxd1 Qe1# 0-1

[Event "Box Hill Open"]
[Site "Box Hill"]
[Date "2002.09.20"]
[Round "2.34"]
[White "Cocks, James"]
[Black "Petrou, Anthony"]
[Result "0-1"]
[WhiteElo "669"]
[BlackElo "1164"]
[Annotator "jp"]
[PlyCount "76"]
[EventDate "2002.09.13"]

1. e4 e6 2. d4 c6 3. Nc3 a6 4. Nf3 Qb6 5. Na4 Qa5+ 6. c3 b5 7. Nc5 d6 8. Nd3
Nd7 9. Bf4 Ngf6 10. Bxd6 Nxe4 11. Bxf8 Nxf8 12. Ng5 Nxg5 13. Qg4 h6 14. Ne5 Bb7
15. Bd3 g6 16. O-O f5 17. Qg3 b4 18. f4 Ne4 19. Bxe4 fxe4 20. Nc4 Qc7 21. Ne5
bxc3 22. Nxg6 Rg8 23. Rae1 Rxg6 24. Qh3 c5 25. Qxc3 e3 26. Rxe3 Rxg2+ 27. Kh1
Rc2+ 28. Kg1 Rxc3 29. Rxc3 Qc6 30. Rg3 Qh1+ 31. Kf2 Qxh2+ 32. Ke1 Qxg3+ 33. Rf2
cxd4 34. Kf1 Qd3+ 35. Re2 Bf3 36. Kf2 Qxe2+ 37. Kg3 Qg2+ 38. Kh4 Qg4# 0-1

[Event "Box Hill Open"]
[Site "Box Hill"]
[Date "2002.09.20"]
[Round "2.35"]
[White "Illingworth, John"]
[Black "Hickman, Casey"]
[Result "0-1"]
[WhiteElo "1127"]
[BlackElo "1164"]
[Annotator "mg"]
[PlyCount "48"]
[EventDate "2002.09.13"]

1. e4 e5 2. Nf3 Nc6 3. Nc3 Nf6 4. d4 exd4 5. Nxd4 Bb4 6. Bd3 Nxd4 7. a3 Bxc3+
8. bxc3 Nc6 9. Bg5 Qe7 10. O-O O-O 11. Re1 d6 12. Qd2 h6 13. Bh4 Ne5 14. f4 Ng6
15. Bg3 Nh5 16. f5 Ne5 17. Qe2 Nxg3 18. hxg3 Qg5 19. Qe3 Qxe3+ 20. Rxe3 Bd7 21.
Be2 Bc6 22. Kf2 Rfe8 23. g4 Nd7 24. Bd3 Nf6 {scorsheet is not readable} 0-1

[Event "Box Hill Open"]
[Site "Box Hill"]
[Date "2002.09.20"]
[Round "2.37"]
[White "Van Dijk, Marieke"]
[Black "Loo, Jonathan"]
[Result "0-1"]
[WhiteElo "723"]
[BlackElo "1083"]
[Annotator "jp"]
[PlyCount "72"]
[EventDate "2002.09.13"]

1. d4 d5 2. Nf3 g6 3. c4 Be6 4. e3 Nf6 5. Nbd2 Bg7 6. Bd3 Nc6 7. a3 Bg4 8. b4
e5 9. Be2 exd4 10. Nxd4 Bxe2 11. Nxe2 dxc4 12. Ra2 O-O 13. Qc2 b5 14. a4 Nxb4
15. Qb1 Nxa2 16. Qxa2 c6 17. O-O a6 18. Nf3 Qc7 19. Bd2 a5 20. Rc1 Rfb8 21.
Ned4 Ne4 22. Be1 Nc5 23. axb5 cxb5 24. Nd2 Nd3 25. Rb1 c3 26. Ne4 b4 27. Qa4
Nb2 28. Qc2 a4 29. Nxc3 bxc3 30. Bxc3 a3 31. Ne2 Bxc3 32. Nxc3 a2 33. Ra1 Qc4
34. Qd2 Rb3 35. Nxa2 Nd3 36. Rc1 Nxc1 0-1

[Event "Box Hill Open"]
[Site "Box Hill"]
[Date "2002.09.20"]
[Round "2.38"]
[White "Bagdasarian, David"]
[Black "Vijayakumar, Rengan"]
[Result "1-0"]
[WhiteElo "1014"]
[BlackElo "706"]
[Annotator "mg"]
[PlyCount "53"]
[EventDate "2002.09.13"]

1. d4 Nf6 2. c4 g6 3. Nc3 Bg7 4. e4 d6 5. Bd3 O-O 6. Nge2 e5 7. d5 c6 8. O-O
Nh5 9. f4 exf4 10. Nxf4 Qh4 11. Nxh5 Bg4 12. Be2 Bxh5 13. g4 Be5 14. Bf4 Bxf4
15. Rxf4 g5 16. Rf6 Bg6 17. Rxd6 Qh3 18. Qd2 h6 19. Rf1 Na6 20. dxc6 Nc5 21.
Qd4 Ne6 22. Qf2 Nf4 23. cxb7 Qxc3 24. bxc3 Nh3+ 25. Kg2 Nxf2 26. bxa8=Q Bxe4+
27. Kxf2 1-0

[Event "Box Hill Open"]
[Site "Box Hill"]
[Date "2002.09.20"]
[Round "2.40"]
[White "Tham, Christopher"]
[Black "Galiabovitch, Elena"]
[Result "0-1"]
[WhiteElo "621"]
[BlackElo "965"]
[Annotator "mg"]
[PlyCount "52"]
[EventDate "2002.09.13"]

1. e4 d5 2. d3 dxe4 3. Nc3 Nf6 4. Be3 Ng4 5. Bf4 e5 6. h3 exf4 7. hxg4 e3 8.
Qe2 Qg5 9. Rh5 Qxg4 10. Re5+ Be7 11. Nf3 exf2+ 12. Qxf2 Nc6 13. Re4 Bf5 14. Nh2
Qg3 15. Rxf4 Qxh2 16. Rxf5 Bh4 17. Ne4 Bxf2+ 18. Nxf2 O-O-O 19. O-O-O Nd4 20.
Rc5 Qf4+ 21. Rd2 Ne2+ 22. Bxe2 Rhe8 23. Kd1 Kb8 24. Nh3 Qb4 25. Rc3 Qxb2 26.
Rb3 Qa1+ 0-1

[Event "Box Hill Open"]
[Site "Box Hill"]
[Date "2002.09.20"]
[Round "2.41"]
[White "Lauder, Natasha"]
[Black "Gray, Alan"]
[Result "1-0"]
[WhiteElo "877"]
[BlackElo "658"]
[Annotator "jp"]
[PlyCount "89"]
[EventDate "2002.09.13"]

1. e4 e6 2. d4 d5 3. e5 c5 4. c3 Nc6 5. Be2 Qb6 6. Nf3 cxd4 7. cxd4 Bb4+ 8. Nc3
Bd7 9. O-O f6 10. Bd2 fxe5 11. dxe5 Qc7 12. a3 Bc5 13. Bf4 Nge7 14. Bd3 O-O-O
15. Bc2 Rdf8 16. Bg3 Nf5 17. Bxf5 Rxf5 18. Re1 h5 19. b4 Be7 20. Bh4 g5 21.
Bxg5 Bxg5 22. Nb5 Qd8 23. Nd6+ Kc7 24. Nxf5 exf5 25. Qxd5 Be7 26. e6 Bc8 27.
Qxf5 h4 28. b5 Nd4 29. Qe5+ Kb6 30. Qxd4+ Qxd4 31. Nxd4 h3 32. g4 Rf8 33. Rf1
Kc5 34. Nf5 Bf6 35. e7 Re8 36. Rfe1 Bxa1 37. Rxa1 Kxb5 38. Nd6+ Ka4 39. Nxe8
Bd7 40. Nd6 b5 41. g5 a5 42. g6 b4 43. g7 b3 44. g8=Q b2 45. Qc4# 1-0

[Event "Box Hill Open"]
[Site "Box Hill"]
[Date "2002.09.20"]
[Round "2.42"]
[White "O'Connor, Andrew"]
[Black "Qian, Paul"]
[Result "0-1"]
[WhiteElo "599"]
[BlackElo "818"]
[Annotator "mg"]
[PlyCount "68"]
[EventDate "2002.09.13"]

1. e4 e5 2. Nf3 Nc6 3. Bb5 Bc5 4. Nxe5 Nxe5 5. d4 a6 6. Ba4 b5 7. Bb3 Bb4+ 8.
c3 Bxc3+ 9. bxc3 Ng6 10. Nd2 d6 11. c4 c5 12. d5 Ne5 13. O-O Nf6 14. Bb2 Nd3
15. Bxf6 Qxf6 16. Bc2 bxc4 17. Nxc4 Nf4 18. Nb6 Rb8 19. Nxc8 Rxc8 20. Ba4+ Ke7
21. Qf3 g6 22. g3 Nh3+ 23. Kg2 Qxf3+ 24. Kxf3 Kf6 25. Kg4 Ng5 26. Kf4 h5 27. h4
Nh7 28. Rfe1 Rhg8 29. e5+ dxe5+ 30. Rxe5 g5+ 31. hxg5+ Nxg5 32. Rh1 Rb8 33.
Rxh5 Rb4+ 34. Re4 Rxe4# 0-1

[Event "Box Hill Open"]
[Site "Box Hill"]
[Date "2002.09.20"]
[Round "2.43"]
[White "Dutka, Ania"]
[Black "Khung, Farn Ling"]
[Result "0-1"]
[WhiteElo "472"]
[BlackElo "802"]
[Annotator "jp"]
[PlyCount "92"]
[EventDate "2002.09.13"]

1. d4 d5 2. Nf3 Nc6 3. e3 Nf6 4. c4 e6 5. Nc3 Bd6 6. Bd3 O-O 7. O-O Qe7 8. Re1
dxc4 9. Bxc4 e5 10. a3 Bg4 11. h3 Bh5 12. Be2 e4 13. Nd2 Bxe2 14. Qxe2 Qd7 15.
Ndxe4 Nxe4 16. Nxe4 Be7 17. Rd1 Qf5 18. f3 Rad8 19. b4 a6 20. Nc5 Bxc5 21. dxc5
Rxd1+ 22. Qxd1 Rd8 23. Qe2 Qe5 24. Bb2 Nd4 25. Re1 Nxe2+ 26. Rxe2 Rd1+ 27. Kf2
Qd5 28. e4 Qg5 29. g3 Rd2 30. f4 Rxe2+ 31. Kxe2 Qxg3 32. e5 Qg2+ 33. Ke3 Qxb2
34. Ke4 Qxa3 35. f5 Qxb4+ 36. Kd5 c6+ 37. Kd6 Qd4+ 38. Kc7 Qxe5+ 39. Kxb7 Qxf5
40. Kxc6 Qe6+ 41. Kb7 Kf8 42. c6 Qe4 43. Kb6 Ke7 44. h4 Qxh4 45. c7 Kd7 46. Kb7
Qc4 0-1